000 00594nam a22002177a 4500
003 UA-OsUOA
001 71934
007 ta
008 20101214b un ||||| |||| 00| 0 ukr d
100 _aМахсма М.
090 _a330(477)
_bМ36
942 _cSA
040 _aUA-OsUOA
_bukr
_cUA-OsUOA
_dUA-OsUOA
245 _aОсобливості сучасного ринку праців аграрному секторі України
300 _aС.59-69
955 _a0
041 _aukr
080 _a330(477)
773 0 _w71929
650 7 _a330 Економіка взагалі
_2UDC
999 _c358218
_d358218